ARRUPE JESUIT UNIVERSITY

CORONAVIRUS -STOP THE SPREAD - CLEAN,DISINFECT,COVER

UN Declaration on Human Rights Defenders (Record no. 122970)

MARC details
000 -LEADER
fixed length control field 00415nam a22001457a 4500
008 - FIXED-LENGTH DATA ELEMENTS--GENERAL INFORMATION
fixed length control field 150716b xxu||||| |||| 00| 0 eng d
050 ## - LIBRARY OF CONGRESS CALL NUMBER
Classification number JC571.U581 2013
100 ## - MAIN ENTRY--PERSONAL NAME
Personal name United Nations
9 (RLIN) 18310
245 ## - TITLE STATEMENT
Title UN Declaration on Human Rights Defenders
260 ## - PUBLICATION, DISTRIBUTION, ETC. (IMPRINT)
Place of publication, distribution, etc Kampla
Name of publisher, distributor, etc Human Rights Centre Uganda
Date of publication, distribution, etc 2013
300 ## - PHYSICAL DESCRIPTION
Extent 20p.
500 ## - GENERAL NOTE
General note English/Kiswahili
650 ## - SUBJECT ADDED ENTRY--TOPICAL TERM
Topical term or geographic name as entry element Civil Rights
9 (RLIN) 2221
942 ## - ADDED ENTRY ELEMENTS (KOHA)
Source of classification or shelving scheme Library of Congress Classification
Item type Monograph ( Printed materials)
Holdings
Withdrawn status Lost status Source of classification or shelving scheme Damaged status Not for loan Home library Current library Date acquired Total Checkouts Full call number Barcode Date last seen Copy number Price effective from Koha item type
    Library of Congress Classification     ARRUPE LIBRARY ARRUPE LIBRARY 16/07/2015   JC571.U581 2013 46500002645 16/07/2015 1 16/07/2015 Monograph ( Printed materials)
    Library of Congress Classification     ARRUPE LIBRARY ARRUPE LIBRARY 16/07/2015   JC571.U581 2013 46500002646 29/06/2018 2 16/07/2015 Monograph ( Printed materials)
    Library of Congress Classification     ARRUPE LIBRARY ARRUPE LIBRARY 16/07/2015   JC571.U581 2013 46500002647 16/07/2015 3 16/07/2015 Monograph ( Printed materials)

 

Arrupe Library. PO Box MP320 Mt Pleasant, Harare, Zimbabwe
263 242 745411|librarian@aju.ac.zw